Liedtext - Denkmal - Wir sind Helden - Statistiken

Allgemein
  • Dieses Quiz wurde 774 mal gespielt
  • Das Durchschnittsergebnis liegt bei 184 aus 247
Antwortstatistiken
Textquiz % Korrekt
den
99%
Denkmal
98%
ein
98%
Haben
98%
haben
98%
hab'n
98%
sie
98%
Sie
98%
uns
98%
da
97%
Da
97%
gebaut
97%
und
95%
Und
95%
das
94%
die
94%
Die
94%
jeder
92%
weiß
92%
dass
90%
Vollidiot
90%
Ich
86%
Stadt
83%
mit
82%
vor
82%
dieser
81%
wer
81%
Sprayer
80%
Parolen
79%
schlechtesten
79%
du
78%
versaut
78%
Nacht
77%
beschmier'n
76%
so
76%
werd'
76%
Liebe
75%
wir
74%
zu
74%
Vorschlaghammer
73%
engagier'n
72%
Hol
72%
mir
71%
her
70%
Komm
70%
komm
70%
soll'n
69%
noch
68%
in
67%
In
67%
Trümmer
65%
Siehst
64%
auf
63%
drüben
63%
nachts
63%
unser
62%
mal
61%
beschmier'n
60%
dem
60%
Es
58%
Stein
57%
Fenster
56%
ALDI
55%
bei
55%
ans
54%
gehau'n
54%
Straße
54%
ewig
53%
Platz
53%
Heute
51%
nicht
51%
Wellblechzaun
51%
Abbild
50%
hinterm
50%
ohne
48%
Zeit
47%
Ewigkeit
46%
für
46%
schon
46%
sind
45%
gleich
44%
enthüllt
43%
steht
42%
Wenn
42%
immer
41%
als
40%
aus
40%
hier
40%
Schrift
40%
goldener
39%
ruhen
39%
unten
38%
jetzt
37%
hätten
36%
wird
36%
Beine
35%
Beton
35%
vereint
35%
erwischt
34%
Sieht
34%
bald
32%
hell
32%
Girlanden
31%
Inschrift
31%
Überall
29%
Blumen
28%
Schuhen
28%
halb
25%
Seligkeit
22%
zerknüllt
21%
Keine übereinstimmenden Quizze gefunden
Verteilung der Resultate
Anzahl Personen mit jedem Resultat
Perzentil nach korrekt beantworteten Fragen
Ihre Resultats-Entwicklung
Sie haben dieses Quiz noch nicht gespielt